00445nam a2200133Ia 4500008004100000082001800041100003200059245004700091260002900138300001700167942000700184999001900191952010100210230907s9999||||xx |||||||||||||| ||und|| a621.31042,QUA aQuang, Nguyen Phung9115122 0aVector control of three-phase AC machines: aSpringerbNew Yorkc2015 axix, 364 p.: cBK c597629d597629 00104070aCAS-EbCAS-Ed2018-04-02l0o621.31042,QUApCAS-E0001728r2023-09-12w2023-09-12yBK